[Event "Candidates Tournament"]
[Site "Khanty-Mansiysk"]
[Date "2014.03.13"]
[Round "1"]
[White "Andreikin, Dmitry"]
[Black "Kramnik, Vladimir"]
[Result "1/2-1/2"]
[WhiteElo "2709"]
[BlackElo "2787"]
[Annotator "ChessBase Website"]
[PlyCount "64"]
[EventDate "2014.03.13"]
[EventType "tourn"]
[EventRounds "14"]
[EventCountry "RUS"]
[EventCategory "21"]
[SourceTitle "CBM 160"]
[Source "ChessBase"]
[SourceDate "2014.05.15"]
[SourceVersion "1"]
[SourceVersionDate "2014.05.15"]
[SourceQuality "1"]
[TimeControl "40/7200:20/3600:900+30"]
[WhiteClock "1:25:42"]
[BlackClock "1:14:56"]

1. d4 {[%emt 0:00:06]} Nf6 {[%emt 0:00:09]} 2. c4 {[%emt 0:00:07]} e6 {[%emt 0:
00:06]} 3. Nc3 {[%emt 0:00:11]} Bb4 {[%emt 0:00:20]} 4. Qc2 {[%emt 0:00:13]
For Dmitri Andreikin and Vladimir Kramnik, it was an opportunity to see
whether Kramnik would try to bully his way past Andreikin, or whether
Andreikin would be content to neutralize his prestigious opponent. Andreikin
is a superb technical player, but is not one prone to taking risks, and it
bears remembering that during his superb runner-up performance at the World
Cup last year, losing to the former world champion, he had only won a single
classical game, winning nearly all his matches in the rapid tiebreaks.} O-O {
[%emt 0:00:26]} 5. a3 {[%emt 0:00:30]} Bxc3+ {[%emt 0:00:13]} 6. Qxc3 {[%emt 0:
00:09]} d5 {[%emt 0:00:04]} 7. Nf3 {[%emt 0:00:27]} dxc4 {[%emt 0:00:21]} 8.
Qxc4 {[%emt 0:00:24]} b6 {[%emt 0:00:06]} 9. Bg5 {[%emt 0:01:43]} Ba6 {[%emt 0:
00:28]} 10. Qa4 {[%emt 0:03:43]} (10. Qc3 h6 11. Bxf6 Qxf6 12. g3 Bb7 13. Bg2
Na6 14. O-O c5 15. Rac1 Rac8 16. Ne5 cxd4 17. Qxd4 Bxg2 18. Kxg2 Nc5 19. b4 Nb3
20. Rxc8 Rxc8 21. Qd7 Rf8 22. f4 Qf5 23. Rf3 Qc2 24. Qd3 Qxd3 25. Rxd3 Nc1 26.
Rd2 Rc8 27. h4 h5 28. b5 Rc7 29. Nc6 Kh7 30. Rb2 a5 31. Kf2 Rd7 32. Ne5 Rc7 33.
Rd2 f6 34. Nd7 Nb3 35. Nf8+ Kg8 36. Rd7 Rxd7 37. Nxd7 Nd4 38. a4 Nxb5 39. axb5
a4 {Nakamura,H (2786)-Kramnik,V (2793) Antalya 2013 1-0}) 10... Qd7 {[%emt 0:
01:16]} 11. Qc2 {[%emt 0:00:36]} c5 {[%emt 0:01:01]} 12. dxc5 {[%emt 0:00:59]}
Rc8 {[%emt 0:00:47]} 13. Bxf6 {[%emt 0:00:22]} gxf6 {[%emt 0:00:19]} 14. Qe4 {
[%emt 0:00:22]} Qb5 {[%emt 0:01:52]} 15. b4 {[%emt 0:04:24]} bxc5 {[%emt 0:04:
02]} 16. e3 {[%emt 0:05:34]} Qb7 {[%emt 0:01:00]} 17. Qg4+ {[%emt 0:00:20]} Kf8
{[%emt 0:01:24]} 18. b5 {[%emt 0:03:05]} Bxb5 {[%emt 0:00:45]} 19. Rb1 {
[%emt 0:00:20]} a6 {[%emt 0:00:05]} 20. a4 {[%emt 0:00:16]} f5 {[%emt 0:00:15]}
21. Qf4 $146 {[%emt 0:00:45]} (21. Qh4 Qe4 22. Qh6+ Ke7 23. Qg5+ Kf8 24. Qh6+
Ke7 25. Qg5+ Kf8 26. Qh6+ Ke7 {1/2-1/2 (26) Mamedyarov,S (2753)-Kramnik,V 
(2803) Moscow 2013}) 21... Qe4 {[%emt 0:01:21] To those seeing the opening
played for the first time, it might have seemed like sharp action was taking
place, but the entire Nimzo-Indian line played was a rinse-and-repeat
operation that had been seen up until the 21st move last year in
Mamedyarov-Kramnik (Moscow, 2013). That game ended in a draw shortly after on
the 26th move, and today was not a big improvement.} 22. Qxe4 {[%emt 0:00:07]}
fxe4 {[%emt 0:00:06]} 23. axb5 {[%emt 0:00:09]} exf3 {[%emt 0:00:05]} 24. b6 {
[%emt 0:00:10]} Rd8 {[%emt 0:07:51]} 25. gxf3 {[%emt 0:02:00]} Nc6 {[%emt 0:00:
33]} 26. f4 {[%emt 0:01:55]} Nb4 {[%emt 0:07:13]} 27. Bg2 {[%emt 0:02:09]} Rab8
{[%emt 0:00:21]} 28. b7 {[%emt 0:00:10]} Nd5 {[%emt 0:03:35]} 29. O-O {[%emt 0:
00:53]} Rd7 {[%emt 0:02:47]} 30. Rfc1 {[%emt 0:00:07]} Rdxb7 {[%emt 0:05:27]}
31. Rxb7 {[%emt 0:01:50]} Rxb7 {[%emt 0:00:37]} 32. Bxd5 {[%emt 0:00:12]} exd5
{[%emt 0:00:09]} 1/2-1/2

[Event "Candidates Tournament"]
[Site "Khanty-Mansiysk"]
[Date "2014.03.13"]
[Round "1"]
[White "Karjakin, Sergey"]
[Black "Svidler, Peter"]
[Result "1/2-1/2"]
[WhiteElo "2766"]
[BlackElo "2758"]
[Annotator "Szabo,Kr"]
[PlyCount "51"]
[EventDate "2014.03.13"]
[EventType "tourn"]
[EventRounds "14"]
[EventCountry "RUS"]
[EventCategory "21"]
[SourceTitle "CBM 160"]
[Source "ChessBase"]
[SourceDate "2014.05.15"]
[SourceVersion "1"]
[SourceVersionDate "2014.05.15"]
[SourceQuality "1"]

1. e4 c5 2. Nf3 e6 3. d4 cxd4 4. Nxd4 Nc6 5. Nc3 Qc7 6. Be3 a6 7. Qd2 Nf6 8. f4
{This move has become very popular nowadays even on the top level too. White
has to wait for Nf6 and only then play f4.} b5 (8... Bb4 {is another main line.
}) 9. e5 Ng4 (9... b4 {was more popular} 10. Ncb5 $1 axb5 11. Nxb5 Qb8 12. exf6
gxf6 13. c4 bxc3 14. bxc3 Ra5 (14... Rg8 $5) 15. a4 Ba6 16. Kf2 Be7 17. Be2 $36
{and White has a powerful position, E.Hansen-Shankland, Barcelona 2013.}) 10.
Bg1 Bb7 11. O-O-O Nxd4 12. Bxd4 Be7 13. Bd3 (13. Kb1 {is also a typical move
in this type of position:} O-O 14. Bd3 f5 {is similar to the game.}) 13... f5 (
{In the event of} 13... d6 14. Qe2 (14. exd6 Bxd6 $13) 14... dxe5 15. fxe5 Nh6
16. Be4 O-O {and the position is balanced.}) 14. h3 Nh6 15. Rhg1 {A logical
decision. White avoids the pin and he prepares for g4.} O-O 16. Qe3 (16. Kb1
Kh8 (16... Rac8 17. g4 g6 $13) 17. g4 Bc6 $13 {Schrott-Collutiis, Amantea 2009}
) (16. g4 g6 {and Black can hold his kingside.}) 16... Rac8 ({The immediate} 
16... Bc6 {was also possible} 17. g4 g6 18. Kb1 b4 19. Ne2 a5 {and the
computer considers the position to be to White's advantage, but by human
measures, especially in a practical game the fight is completely double-edged.}
) 17. Kb1 Bc6 18. Ne2 (18. g4 g6 19. Ne2 Bd5 {transposes to the text move.})
18... Bd5 19. g4 g6 20. b3 Qb7 21. Rdf1 a5 22. Ng3 Bc4 $1 23. Be4 $6 {A
resourceful, but slightly risky choice!} (23. Be2 {was easier with a
double-edged fight.}) 23... Bd5 ({Probably after} 23... fxe4 {it is still not
so easy to play with White. For example:} 24. bxc4 Rxc4 (24... bxc4+ $6 25. Ka1
{and White's position is hopeful.}) 25. Nxe4 Rfc8 26. Rf2 Qd5 27. Rd2 Rb4+ 28.
Ka1 Ra4 29. c3 b4 {with some attacking chances for Black.}) 24. Bd3 Bc4 25. Be4
Bd5 26. Bd3 {and a draw. What a wonderful repetition!} 1/2-1/2

[Event "Candidates Tournament"]
[Site "Khanty-Mansiysk"]
[Date "2014.03.13"]
[Round "1"]
[White "Mamedyarov, Shakhriyar"]
[Black "Topalov, Veselin"]
[Result "1/2-1/2"]
[WhiteElo "2757"]
[BlackElo "2785"]
[Annotator "Krasenkow,M"]
[PlyCount "72"]
[EventDate "2014.03.13"]
[EventType "tourn"]
[EventRounds "14"]
[EventCountry "RUS"]
[EventCategory "21"]
[SourceTitle "CBM 160"]
[Source "ChessBase"]
[SourceDate "2014.05.15"]
[SourceVersion "1"]
[SourceVersionDate "2014.05.15"]
[SourceQuality "1"]

1. d4 d5 2. c4 c6 3. Nf3 Nf6 4. Nbd2 {Of course, this is a harmless line but
if White wants just to play chess, it is quite possible.} g6 5. e3 Bg7 {
For some reason this position belongs to the Grünfeld Defence although the
corresponding move order (1.d4 Nf6 2.c4 g6 3.Nf3 Bg7 4.Nbd2 d5 5.e3 c6) looks
quite artificial.} 6. Bd3 c5 $5 $146 {[%mdl 8] An unexpected switch.
Apparently, Black loses a tempo but the way White has exploited it (Nb1-d2)
can hardly bring him any benefit.} (6... O-O {is usually played.}) 7. dxc5 (7.
cxd5 $5 Nxd5 8. dxc5 {needs checking}) 7... Na6 8. Nb3 ({Now after} 8. cxd5
Nxc5 9. Bc4 ({or} 9. Bb5+ Bd7) 9... a6 {[%cal Rb7b5] Black obtains an
excellent position and will soon recapture the pawn.}) 8... dxc4 (8... Nxc5 {
is also possible but then White comfortably develops his pieces:} 9. Nxc5 Qa5+
10. Bd2 Qxc5 11. Rc1) 9. Bxc4 Qxd1+ 10. Kxd1 Ne4 11. Ke2 (11. Bxa6 bxa6 12. Ke2
a5 $1 {[%cal Rc8a6] with the initiative}) 11... Naxc5 12. Nxc5 Nxc5 $11 {
Black has no problems.} 13. Bb5+ Bd7 14. Bxd7+ Kxd7 15. Rd1+ Ke8 16. Rb1 Rc8
17. Bd2 Ne4 18. Bb4 f5 19. Ne1 a5 $6 {this pawn exchange is dubious as it
deactivates Black's rook.} (19... Rc4 20. a3 (20. Ba3 Ra4) 20... b6 {[%cal
Ya7a5]} 21. f3 Nf6 22. Rbc1 Rxc1 23. Rxc1 Nd5 $11 {was the most solid
continuation.}) 20. Bxa5 Ra8 21. Rd5 (21. Bb4 $142 Rxa2 22. Nd3 Kf7 23. Rdc1
$36 {[%csl Ra2]} {although after} Rb8 24. Rc7 Bf6 {Black should hold on anyway.
}) 21... b6 (21... e6 $5 22. Rb5 Nd6 23. Rb6 Nc8 24. Rxb7 Rxa5 25. Rxg7 Ne7 {
[%cal Re8f8] The endgame with two pawns for the exchange is rather unclear.})
22. Bb4 $1 (22. Bxb6 Rxa2 $11 {[%cal Ra2b2,Re4c3]}) 22... Rxa2 23. Nd3 Kf7 24.
Rc1 (24. Rd7 {was another attempt to keep the initiative. Black could try a
surgical solution:} Rc8 $5 (24... Bf6 25. Rc1 $36) 25. Rxe7+ Kg8 26. Be1 $1 (
26. f3 Bxb2 27. Kf1 Nc3 28. Bxc3 (28. Rxb2 Rxb2 29. Nxb2 Nd5 30. Rd7 Nxb4 {
[%cal Rc8c1]}) 28... Bxc3 29. Rxb6 Rd8 30. Rb3 Bf6 {, and with a rook on the
2nd rank Black should not lose}) 26... Bxb2 27. Nxb2 Rc2+ 28. Kf1 Raxb2 29. Ra1
$1 Ra2 30. Rd1 Nd2+ 31. Kg1 {- here Black should still fight for a draw.})
24... Rha8 {Preparing to cover the 7th rank from a7.} 25. Rc2 Nf6 26. Ne5+ Ke8
(26... Kg8 $5 27. Rb5 e6 {[%cal Yf6d5]} {although after} 28. Nc6 {White keeps
initiative.}) 27. Rb5 R2a7 28. Ba3 $6 {White misses his best opportunity.} (28.
Rxb6 $4 Nd5) (28. Nc4 $1 {wins the b6-pawn with chances to convert his own.})
28... Ra5 $1 29. Rc7 (29. Rxa5 bxa5 {[%cal Yf6d7]}) 29... Rxb5 30. Rxe7+ Kd8
31. Nf7+ (31. Nc6+ Kc8 32. Rxg7 Rxb2+ $1 (32... Rxa3 $143 33. bxa3 Rb2+ 34. Kf3
Ne4 35. Kf4 Rxf2+ 36. Ke5) 33. Bxb2 Ra2 34. f3 Rxb2+ 35. Kd3 Rxg2 36. Rf7 Nd7
37. Rxh7 {was a better (but still, according to GM E.Gleizerov, rather
symbolic) attempt to play for a win.}) 31... Kc8 32. Nd6+ Kd8 33. Rxg7 Rd5 {
[%cal Ra8a3] Now White must give a perpetual.} 34. Nb7+ Kc8 35. Nd6+ Kd8 36.
Nb7+ Kc8 1/2-1/2

[Event "Candidates Tournament"]
[Site "Khanty-Mansiysk"]
[Date "2014.03.14"]
[Round "2"]
[White "Aronian, Levon"]
[Black "Mamedyarov, Shakhriyar"]
[Result "1-0"]
[WhiteElo "2830"]
[BlackElo "2757"]
[Annotator "ChessBase Website"]
[PlyCount "87"]
[EventDate "2014.03.13"]
[EventType "tourn"]
[EventRounds "14"]
[EventCountry "RUS"]
[EventCategory "21"]
[SourceTitle "CBM 160"]
[Source "ChessBase"]
[SourceDate "2014.05.15"]
[SourceVersion "1"]
[SourceVersionDate "2014.05.15"]
[SourceQuality "1"]
[TimeControl "40/7200:20/3600:900+30"]
[WhiteClock "0:57:55"]
[BlackClock "1:45:08"]

1. d4 {[%emt 0:00:04]} Nf6 {[%emt 0:00:07]} 2. c4 {[%emt 0:00:05]} e6 {[%emt 0:
00:06]} 3. Nf3 {[%emt 0:00:12]} d5 {[%emt 0:00:08]} 4. Nc3 {[%emt 0:00:07]} Bb4
{[%emt 0:00:08]} 5. Bg5 {[%emt 0:00:33]} Nbd7 {[%emt 0:00:15]} 6. cxd5 {
[%emt 0:00:57]} exd5 {[%emt 0:00:10]} 7. Nd2 {[%emt 0:00:13]} c6 {[%emt 0:06:
08]} 8. e3 {[%emt 0:00:29]} Nf8 {[%emt 0:06:29]} 9. Bd3 {[%emt 0:00:13]} Ng6 {
[%emt 0:00:11]} (9... Be7 10. Qc2 Ne6 11. Bh4 g6 12. h3 O-O 13. Nf3 a5 14. g4
b5 15. Ne5 Bb7 16. f4 c5 17. f5 cxd4 18. fxe6 dxc3 19. O-O d4 20. Nxf7 Qd5 21.
Bxf6 Qh1+ 22. Kf2 Qxh3 23. Ke1 cxb2 24. Qxb2 Bb4+ 25. Kd1 Bf3+ 26. Rxf3 Qxf3+
27. Be2 Qxf6 28. g5 Qg7 29. Qxd4 Rxf7 30. exf7+ Qxf7 31. Rc1 Rb8 32. a4 Qb3+
33. Rc2 Qb1+ 34. Rc1 Qb3+ 35. Rc2 Rc8 36. Bc4+ bxc4 37. Qd5+ Kf8 38. Qd7 Re8 {
0-1 (38) Aronian,L (2807)-Ivanchuk,V (2765) Sao Paulo/Bilbao 2011}) 10. O-O {
[%emt 0:05:16]} O-O {[%emt 0:03:27]} 11. f4 $146 {[%emt 0:01:31]} (11. Qc2 h6
12. Bxf6 Qxf6 13. Rae1 Nh4 14. f4 Bf5 15. Nf3 Rfe8 16. Nxh4 Bxd3 17. Qxd3 Qxh4
18. Re2 Rad8 19. a3 Bf8 20. b4 Rd7 21. Rf3 Qd8 22. g4 a5 23. bxa5 Qxa5 24. g5
hxg5 25. fxg5 Qxa3 26. g6 Re6 27. gxf7+ Rxf7 28. Ref2 Rxf3 29. Rxf3 b5 30. Rh3
Rf6 31. e4 Qc1+ 32. Kg2 Qe1 33. Rg3 b4 34. Qe2 Qxe2+ 35. Nxe2 dxe4 36. Re3 Re6
37. Ng3 g6 38. Rb3 Kf7 39. Kf2 c5 40. Ke3 c4 {Vokac,M (2479)-Kravtsiv,M (2582)
Pardubice 2012 0-1}) 11... h6 {[%emt 0:01:33]} 12. Bxf6 {[%emt 0:00:16]} Qxf6 {
[%emt 0:00:04]} 13. f5 {[%emt 0:04:45] Levon Aronian had commented in the
round one press conference after his loss that statistically he had a record
for playing better after a loss, and he felt this. He quipped that he had
might as well get it out of the way as early as possible. Still, even he could
not have predicted what happened though, when Shakhriyar Mamedyarov, a great
tactician in his own right, carelessly went astray in a Queen's Gambit, and
fell for a vicious tactic that lost his queen.} Ne7 $2 {[%emt 0:03:40]} 14.
Nde4 $1 {[%emt 0:10:35][%csl Rf6]} dxe4 {[%emt 0:00:59]} 15. Nxe4 {[%emt 0:00:
07]} Qh4 {[%emt 0:06:27]} 16. g3 {[%emt 0:00:07]} Qh3 {[%emt 0:00:04]} 17. Nf2
{[%emt 0:02:32]} Qxf1+ {[%emt 0:00:05]} 18. Kxf1 {[%emt 0:09:17]} Nxf5 {
[%emt 0:03:34]} 19. Qf3 {[%emt 0:00:31]} Nd6 {[%emt 0:07:06]} 20. e4 {[%emt 0:
02:50]} f6 {[%emt 0:06:39]} 21. Bc2 {[%emt 0:23:11]} Be6 {[%emt 0:01:52]} 22.
Nd3 {[%emt 0:00:53]} Nc4 {[%emt 0:00:12]} 23. Kg1 {[%emt 0:01:11]} Bd6 {
[%emt 0:02:53]} 24. Nf4 {[%emt 0:09:55]} Bxf4 {[%emt 0:00:10]} 25. gxf4 {
[%emt 0:00:19]} Rad8 {[%emt 0:03:50]} 26. f5 {[%emt 0:06:49]} Bf7 {[%emt 0:00:
09]} 27. Qc3 {[%emt 0:00:23]} Rfe8 {[%emt 0:00:52]} 28. Bd3 {[%emt 0:05:50]}
Nb6 {[%emt 0:00:22]} 29. a4 {[%emt 0:01:19]} a6 {[%emt 0:00:25]} 30. a5 {
[%emt 0:02:16]} Nc8 {[%emt 0:02:57]} 31. e5 {[%emt 0:01:54]} Ne7 {[%emt 0:00:
22]} 32. e6 {[%emt 0:04:30]} Bh5 {[%emt 0:00:10]} 33. Be4 {[%emt 0:02:28]} Nd5
{[%emt 0:08:39]} 34. Qh3 {[%emt 0:01:25]} Be2 {[%emt 0:00:37]} 35. Kf2 {
[%emt 0:01:12]} Bb5 {[%emt 0:00:12]} 36. Rg1 {[%emt 0:00:55]} Kh7 {[%emt 0:00:
05]} 37. Qa3 {[%emt 0:03:14]} Bc4 {[%emt 0:00:58]} 38. Rg4 {[%emt 0:03:36]} Bb5
{[%emt 0:00:07]} 39. Rg1 {[%emt 0:02:35]} Bc4 {[%emt 0:00:07]} 40. Rc1 {
[%emt 0:00:00]} Bb5 {[%emt 0:00:00]} 41. Bf3 {[%emt 0:01:42]} Nf4 {[%emt 0:00:
46]} 42. Rd1 {[%emt 0:03:02]} Kh8 {[%emt 0:00:09]} 43. d5 {[%emt 0:02:10]} Nxd5
{[%emt 0:01:38]} 44. Bh5 {[%emt 0:00:36]} 1-0

[Event "Candidates Tournament"]
[Site "Khanty-Mansiysk"]
[Date "2014.03.14"]
[Round "2"]
[White "Topalov, Veselin"]
[Black "Anand, Viswanathan"]
[Result "1/2-1/2"]
[WhiteElo "2785"]
[BlackElo "2770"]
[Annotator "ChessBase Website"]
[PlyCount "108"]
[EventDate "2014.03.13"]
[EventType "tourn"]
[EventRounds "14"]
[EventCountry "RUS"]
[EventCategory "21"]
[SourceTitle "CBM 160"]
[Source "ChessBase"]
[SourceDate "2014.05.15"]
[SourceVersion "1"]
[SourceVersionDate "2014.05.15"]
[SourceQuality "1"]
[TimeControl "40/7200:20/3600:900+30"]
[WhiteClock "1:11:11"]
[BlackClock "1:54:04"]

1. Nf3 {[%emt 0:00:04]} d5 {[%emt 0:00:20]} 2. c4 {[%emt 0:00:05]} c6 {[%emt 0:
00:05]} 3. e3 {[%emt 0:00:07]} Nf6 {[%emt 0:00:16]} 4. Nc3 {[%emt 0:00:05]}
Nbd7 {[%emt 0:00:49]} 5. Qc2 {[%emt 0:03:27] Topalov-Anand was a classic clash,
in which the Bulgarian sidestepped the massive preparation he knew Anand would
still have stored up from his World Championship match, and played a flexible
Reti setup. This led to uncharted waters as of 7...Bd6. Black gave a pawn to
complete his development and play against the fractured pawn structure, which
was enough to keep the balance but no more.} e5 {[%emt 0:02:31]} 6. cxd5 {
[%emt 0:01:18]} Nxd5 {[%emt 0:00:14]} 7. d4 {[%emt 0:05:02]} Bd6 $146 {[%emt 0:
01:55]} (7... exd4 8. Nxd5 Qa5+ 9. Bd2 Qxd5 10. Bc4 Qh5 11. Nxd4 Nf6 12. f3 a6
13. O-O-O Bd7 14. g4 Qc5 15. Nb3 Qe7 16. e4 Be6 17. Nd4 Bxc4 18. Qxc4 c5 19.
Nf5 Qe6 20. Qa4+ b5 21. Qa5 g6 22. Rhe1 Qc6 23. Bf4 gxf5 24. exf5+ Be7 25. Bd6
Nd5 26. Rxd5 Qxd5 27. Rxe7+ Kf8 28. Rd7+ Ke8 29. Qe1+ {1-0 (29) Nogueiras
Santiago,J (2482)-Abreu Delgado,A (2459) Havana 2004}) 8. dxe5 {[%emt 0:08:17]}
Nxe5 {[%emt 0:00:25]} 9. Nxe5 {[%emt 0:06:53]} Bxe5 {[%emt 0:00:10]} 10. Qe4 {
[%emt 0:03:48]} Qe7 {[%emt 0:02:22]} 11. Nxd5 {[%emt 0:06:34]} cxd5 {[%emt 0:
00:15]} 12. Bb5+ {[%emt 0:01:29]} Kf8 {[%emt 0:00:40]} 13. Qxd5 {[%emt 0:01:18]
} g6 {[%emt 0:07:53]} 14. Bd2 {[%emt 0:15:23]} Kg7 {[%emt 0:03:37]} 15. Qxe5+ {
[%emt 0:14:21]} Qxe5 {[%emt 0:00:56]} 16. Bc3 {[%emt 0:00:09]} Qxc3+ {[%emt 0:
00:06]} 17. bxc3 {[%emt 0:00:03]} Be6 {[%emt 0:00:21]} 18. Ke2 {[%emt 0:03:23]}
Rac8 {[%emt 0:06:12]} 19. Rhc1 {[%emt 0:01:30]} Rc5 {[%emt 0:00:35]} 20. a4 {
[%emt 0:00:30]} Rhc8 {[%emt 0:02:50]} 21. Ra3 {[%emt 0:00:22]} a6 {[%emt 0:02:
53]} 22. Bd3 {[%emt 0:00:26]} b5 {[%emt 0:00:42]} 23. axb5 {[%emt 0:02:16]}
axb5 {[%emt 0:00:29]} 24. Rb1 {[%emt 0:05:15]} Rxc3 {[%emt 0:00:14]} 25. Rxc3 {
[%emt 0:00:04]} Rxc3 {[%emt 0:00:09]} 26. Rxb5 {[%emt 0:05:32]} Bc4 {[%emt 0:
01:23]} 27. Bxc4 {[%emt 0:00:09]} Rxc4 {[%emt 0:00:05]} 28. Kf3 {[%emt 0:00:15]
} h5 {[%emt 0:00:08]} 29. h3 {[%emt 0:00:18]} Rc2 {[%emt 0:00:32]} 30. Rb1 {
[%emt 0:03:38]} Kf6 {[%emt 0:00:11]} 31. Re1 {[%emt 0:00:09]} g5 {[%emt 0:08:
38]} 32. Ra1 {[%emt 0:05:06]} Kg6 {[%emt 0:02:13]} 33. Ra6+ {[%emt 0:01:41]} f6
{[%emt 0:00:18]} 34. Ra4 {[%emt 0:00:36]} h4 {[%emt 0:01:29]} 35. g3 {[%emt 0:
00:09]} hxg3 {[%emt 0:00:05]} 36. Kxg3 {[%emt 0:00:03]} Rb2 {[%emt 0:01:31]}
37. e4 {[%emt 0:02:10]} Rb1 {[%emt 0:02:32]} 38. f3 {[%emt 0:00:35]} Rg1+ {
[%emt 0:00:11]} 39. Kf2 {[%emt 0:00:06]} Rh1 {[%emt 0:00:07]} 40. Kg2 {[%emt 0:
00:00]} Rb1 {[%emt 0:00:00]} 41. Ra6 {[%emt 0:00:16]} Kf7 {[%emt 0:00:14]} 42.
Ra5 {[%emt 0:00:42]} Kg6 {[%emt 0:00:18]} 43. Ra6 {[%emt 0:00:06]} Kf7 {
[%emt 0:00:07]} 44. Ra2 {[%emt 0:00:07]} Ke6 {[%emt 0:05:14]} 45. Kg3 {[%emt 0:
00:58]} Rg1+ {[%emt 0:01:48]} 46. Rg2 {[%emt 0:00:06]} Rxg2+ {[%emt 0:00:54]}
47. Kxg2 {[%emt 0:00:05]} Ke5 {[%emt 0:00:08]} 48. Kf2 {[%emt 0:02:33]} Kf4 {
[%emt 0:00:08]} 49. Kg2 {[%emt 0:00:04]} Ke5 {[%emt 0:00:16]} 50. Kg3 {[%emt 0:
00:27]} f5 {[%emt 0:00:07]} 51. exf5 {[%emt 0:00:09]} Kxf5 {[%emt 0:00:04]} 52.
h4 {[%emt 0:00:31]} gxh4+ {[%emt 0:00:06]} 53. Kxh4 {[%emt 0:00:05]} Kf4 {
[%emt 0:00:04]} 54. Kh3 {[%emt 0:00:04] It is almost ironic that when they
shook hands on move 54, with their bare kings, their game was the first to end,
despite having the most moves played of all the skirmishes in the round.} Kxf3
{[%emt 0:00:06]} 1/2-1/2